BIO: livro amarelo (Record no. 139453)

MARC details
000 -LÍDER
campo de controle de tamanho fixo 00654 a2200169 4500
001 - NÚMERO DE CONTROLE
campo de controle 139453
040 ## - FONTE DA CATALOGAÇÃO
Instituição que transcreveu o registro Leonardo Da Vinci
041 ## - CÓDIGO DE IDIOMA
Código do idioma do texto/trilha sonora ou título diferente Português
082 ## - CDD - CLASSIFICAÇÃO DECIMAL DE DEWEY
Número de Classificação 574 L855ba
Número do exemplar L855ba
100 ## - ENTRADA PRINCIPAL--NOME PESSOAL
Nome pessoal LOPES, Sônia Godoy Bueno Carvalho
245 ## - TÍTULO
Título BIO: livro amarelo
Restante do título biologia: segundo grau
260 ## - PUBLICAÇÃO, DISTRIBUIÇÃO, ETC.
Nome do editor, distribuidor, etc. Saraiva
Data da publicação, distribuição, etc. 1985
Local de publicação, distribuição, etc. São Paulo
300 ## - DESCRIÇÃO FÍSICA
Extensão 280
362 ## - DATAS DE PUBLICAÇÃO E/OU DESIGNAÇÃO SEQUENCIAL
Datas de publicação e/ou designação sequencial 19850000
697 ## - ENTRADA DE ASSUNTO LOCAL--ENTIDADE COLETIVA (RLIN)
Nome corporativo ou nome da jurisdição Biologia
-- Seres vivos
-- Vírus
-- Bactérias
-- Reprodução
-- Célula
-- Fungos
-- Algas
-- Protozoários
-- Plantas
-- Fisiologia
-- Transpiração
-- Respiração
-- Animais
-- Invertebrados
-- Vertebrados
-- Anatomia
-- Circulaçao
-- Excreção
-- Sistema nervoso
-- Ensino Médio
942 ## - ELEMENTOS DE ENTRADA ADICIONADOS (KOHA)
Tipo de material Koha Livros
Holdings
Situação do descarte Situação das perdas Situação física Não pode ser emprestado Biblioteca de origem Biblioteca atual Data de aquisição Total de empréstimos Número de chamada completo Código de barras Data de último acesso Data do preço efetivo Tipo de material Koha
        Leonardo Da Vinci - Osasco Leonardo Da Vinci - Osasco 27/03/2024   574 L855ba O006906 27/03/2024 27/03/2024 Livros